Herr der Ringe Trivia #4 - Statistiken

Allgemein
  • Dieses Quiz wurde 315 mal gespielt
  • Das Durchschnittsergebnis liegt bei 19 aus 25
Antwortstatistiken
Hint Antwort % Korrekt
Wie nennt Gollum den einen Ring? Mein Schatz
98%
Welche Wesen zerstören Isengart? Ents
96%
Wer schmiedete den einen Ring? Sauron
96%
Welches Verwandschaftsverhältniss haben Merry und Pippin? Cousins / Vetter
94%
Mit wessen Hilfe konnten Frodo und Sam von den Hängen des Schicksalberges gerettet werden? Adler
91%
Was sagt Isildur nachdem Elrond ihm befahl den Ring ins Feuer des Schicksalberges zu werfen? Nein
91%
Was sagt Gandalf zum Rest der Gefährten, kurz bevor er in den Minen von Moria in die Tiefe stürzt? Flieht ihr Narren
89%
Wo steht "Ash nazg durbatulûk, ash nazg gimbatul, ash nazg thrakatulûk agh burzum-ishi krimpatul."? Auf dem einen Ring
88%
Wer sagt von sich selbst dass er Gebieter über die Flamme von Anor ist? Gandalf
84%
Wer fängt den Brautstrauß auf Sams und Rosies Hochzeit? Pippin
84%
Was ist das Zeichen Sarumans? Weiße Hand
84%
Wen heiratet Sam am Ende von "Die Rückkehr des Königs"? Rosi Hüttinger
82%
Was zeigt Denethor Gandalf und Pippin als zeichen dafür dass er bereits von Boromirs Tod weiß? Boromirs zerbrochenes Horn
79%
Wie viele Uruk-Hai hat Legolas bereits getötet als Gimli ihm stolz sagt er hat schon zwei erledigt? 17
77%
Was schenkt Galadriel Legolas? Einen Bogen
75%
Worauf reiten die Orks? Warge
75%
Mit Hilfe von was nimmt Saruman Kontakt mit dem dunklen Herrscher Sauron auf? Palantir
69%
Wie heißt Galadriels Ehemann, der Herr von Lothlorien? Celeborn
65%
Was stellt Gandalf verwundert fest als er Bilbo an seinem 111. Geburtstag nach langer Zeit wiedersieht? Das er um keinen Tag gealtert ist
65%
Was hat sich Merry bei der Flucht vor Bauer Maggot "gebrochen"? Eine Karotte
65%
Welcher Schauspieler in der HDR-Triologie hat als einziger der Filmcrew J.R.R. Tolkien persönlich gekannt? Christopher Lee
63%
"Erinnerst du dich an den Geschmack von …?" fragt Frodo Sam als sie erschöpft an den Hängen des Schicksalberges liegen. Was meint er? Erdbeere
53%
Was kocht Bilbo für Gandalf, als dieser in Beutelsend ankommt? Tee
53%
Wer ist "der alte Ohm"? Sams Vater
48%
Was wächst auf dem Hof vor der Zitadelle von Minas Tirith? Der Weiße Baum
34%
Keine übereinstimmenden Quizze gefunden
Verteilung der Resultate
Anzahl Personen mit jedem Resultat
Perzentil nach korrekt beantworteten Fragen
Ihre Resultats-Entwicklung
Sie haben dieses Quiz noch nicht gespielt